[Event "Catarinense-ch"]
[Site "Blumenau"]
[Date "2017.05.21"]
[Round "6"]
[White "Thomazelli, Benito Schaeffer"]
[Black "Koinski, Carlos Cesar"]
[Result "0-1"]
[WhiteElo "1763"]
[BlackElo "1376"]
[PlyCount "46"]
[EventDate "2017.05.19"]
[EventType "swiss"]
[EventRounds "6"]
[EventCountry "BRA"]
[SourceTitle "CBM 178 Extra"]
[Source "ChessBase"]
[SourceDate "2017.06.22"]
[SourceVersion "1"]
[SourceVersionDate "2017.06.22"]
[SourceQuality "1"]

1. e4 e5 2. Nf3 d6 3. Bc4 h6 4. 0-0 Be7 5. d3 Nf6 6. Nc3 0-0 7. Bg5 hxg5 8. Nxg5 Bg4 9. Qe1 Bh5 10. f3 Nd5 11. Nxd5 Bxg5 12. Rd1 Nd7 13. d4 Bf6 14. dxe5 Nxe5 15. Bd3 Re8 16. Qd2 Nxd3 17. cxd3 a5 18. a3 Qd7 19. b4 axb4 20. axb4 Qb5 21. e5 Qxd5 22. f4 Ra2 23. Qc3 Qxg2# 0-1

[Event "Catarinense-ch"]
[Site "Blumenau"]
[Date "2017.05.19"]
[Round "1"]
[White "De Borba, Gabriel"]
[Black "Thomazelli, Benito Schaeffer"]
[Result "1-0"]
[WhiteElo "1903"]
[BlackElo "1763"]
[PlyCount "87"]
[EventDate "2017.05.19"]
[EventType "swiss"]
[EventRounds "6"]
[EventCountry "BRA"]
[SourceTitle "CBM 178 Extra"]
[Source "ChessBase"]
[SourceDate "2017.06.22"]
[SourceVersion "1"]
[SourceVersionDate "2017.06.22"]
[SourceQuality "1"]

1. e4 e5 2. Nf3 Nc6 3. Bb5 Nf6 4. d3 Bc5 5. 0-0 0-0 6. Bxc6 dxc6 7. Nxe5 Re8 8. Nf3 Bg4 9. Bg5 Qd7 10. Nbd2 Rad8 11. e5 Qd5 12. exf6 Qxg5 13. Nxg5 Bxd1 14. Raxd1 gxf6 15. Nh3 Bd4 16. c3 Bc5 17. Ne4 Be7 18. Nf4 f5 19. Ng3 Bg5 20. Nh3 Be7 21. Nxf5 Bc5 22. d4 Be7 23. Nxe7+ Rxe7 24. Rfe1 Rxe1+ 25. Rxe1 b6 26. Re7 Kf8 27. Rxc7 c5 28. g3 cxd4 29. cxd4 a5 30. Rb7 Rxd4 31. Rxb6 a4 32. a3 Ke7 33. Rb4 Rxb4 34. axb4 f5 35. Nf4 Kd6 36. Nd3 Kc6 37. Kf1 Kb5 38. Ke2 h5 39. f3 Kc4 40. h3 Kb3 41. b5 Kc2 42. b6 Kb3 43. b7 Kc2 44. b8Q 1-0

[Event "Catarinense-ch"]
[Site "Blumenau"]
[Date "2017.05.19"]
[Round "2"]
[White "Thomazelli, Benito Schaeffer"]
[Black "Do Prado, Hamilton Mesquita"]
[Result "0-1"]
[WhiteElo "1763"]
[BlackElo "1735"]
[PlyCount "28"]
[EventDate "2017.05.19"]
[EventType "swiss"]
[EventRounds "6"]
[EventCountry "BRA"]
[SourceTitle "CBM 178 Extra"]
[Source "ChessBase"]
[SourceDate "2017.06.22"]
[SourceVersion "1"]
[SourceVersionDate "2017.06.22"]
[SourceQuality "1"]

1. e4 e5 2. Nf3 Nc6 3. Bc4 Nf6 4. Nc3 Bc5 5. 0-0 0-0 6. d3 d6 7. Bg5 Bg4 8. Re1 Nd4 9. Qe2 Nxe2+ 10. Nxe2 Bxf3 11. gxf3 h6 12. Bxf6 Qxf6 13. c3 Qh4 14. Rf1 Kh8 0-1

[Event "Florianopolis op 3rd"]
[Site "Florianopolis"]
[Date "2017.01.20"]
[Round "1"]
[White "Caribe Santos, Luiz Carlos"]
[Black "Thomazelli, Benito Schaeffer"]
[Result "1-0"]
[WhiteElo "1568"]
[BlackElo "1763"]
[PlyCount "67"]
[EventDate "2017.01.20"]
[EventType "swiss"]
[EventRounds "10"]
[EventCountry "BRA"]
[SourceTitle "CBM 176 Extra"]
[Source "ChessBase"]
[SourceDate "2017.03.02"]
[SourceVersion "1"]
[SourceVersionDate "2017.03.02"]
[SourceQuality "1"]

1. d4 d5 2. c4 Nf6 3. Nc3 Bg4 4. Qb3 Nc6 5. Qxb7 Nxd4 6. Kd1 dxc4 7. Bd2 e5 8. Qa6 Bc5 9. Qxc4 Be7 10. Nf3 0-0 11. Nxd4 exd4 12. Nb5 d3 13. f3 dxe2+ 14. Bxe2 Bf5 15. Nd4 Bg6 16. Nc6 Qd7 17. Nxe7+ Qxe7 18. Bd3 Rab8 19. Bxg6 hxg6 20. Re1 Qd8 21. b3 Qd7 22. Rc1 Rbc8 23. Re5 Rfd8 24. Rc2 Nd5 25. Ke2 f6 26. Re4 Rb8 27. Ba5 Rbc8 28. Rd2 f5 29. Re5 Qd6 30. Rdxd5 Qa3 31. Rxd8+ Kh7 32. Qg8+ Kh6 33. Bd2+ Kh5 34. Qh8# 1-0